00737nam a2200217 i 4500003000900000005001700009007000300026008004100029020001500070040003000085082001300115100002700128245010300155264006900258300003700327336002700364337003400391338002800425500002300453504004300476DO-SdBNP20250702102602.0ta240918s1977 xxu 000 0 spa d a0226458059 aDO-SdBNPbspacBNPHUerda bK9612221 aKuhn, Thomas S.eautor14aThe essential tension : bselected studies in scientific tradition and change / cThomas S. Kuhn  1aChicago, Estados Unidos :bUniversity of Chicago Press, c1977.  axxiii, 366 páginas, c22 cm. 2rdacontentatextobtxt 2rdamediaasin mediación bn 2rdacarrieravolumenbnc aIncluye índice.  aIncluye referencias bibliográficas.